Rozpoznaj miasto po tablicy rejestracyjnej woj.opolskie - Statystyki

Ogólne statystyki
  • Ten quiz został rozwiązany 166 razy
  • Średni wynik to 8 z 12
Statystyki odpowiedzi
Rejestracja Miasto / powiat Odpowiedź % Poprawnych
OP Miasto Opole
99%
ONY powiat nyski
75%
OB powiat brzeski
68%
OPO powiat opolski
68%
OKL powiat kluczborski
61%
ONA powiat namysłowski
61%
OPR powiat prudnicki
60%
OKR powiat krapkowicki
58%
OST powiat strzelecki
56%
OOL powiat oleski
55%
OGL powiat głubczycki
49%
OK powiat kędzierzyńsko-kozielski
45%
Nie znaleziono quizów pasujących do podanych kryteriów
Rozkład punktacji
Procent ludzi z każdym wynikiem
Percentyl według liczby udzielonych odpowiedzi
Twoja historia wyników
Nie rozwiązałeś tego quizu